000 00336nam a22001457a 4500
008 210311b ||||| |||| 00| 0 eng d
020 _a9780256162059
041 _aeng
080 _29th
_a338
082 _a338
100 _a53
101 _aMEN
245 _aStrategic Management Concepts & Cases
_cStrickland, TH
942 _2udc
_cBK
999 _c56452
_d56452